[Event "Porto Alegre IRT U2200 2nd"]
[Site "Porto Alegre"]
[Date "2016.09.03"]
[Round "3.8"]
[White "Togni, Everton Batista"]
[Black "Flech, Roberto Miotto"]
[Result "1-0"]
[WhiteElo "1748"]
[BlackElo "1800"]
[PlyCount "183"]
[EventDate "2016.09.03"]
[EventType "swiss"]
[EventRounds "5"]
[EventCountry "BRA"]
[SourceTitle "EXT 2022"]
[Source "ChessBase"]
[SourceDate "2021.10.06"]
[SourceVersion "1"]
[SourceVersionDate "2021.10.06"]
[SourceQuality "1"]

1. e4 e6 2. d4 d5 3. exd5 exd5 4. c4 c6 5. Nc3 Bf5 6. Nf3 Nf6 7. cxd5 Nxd5 8. Be2 Bb4 9. Bd2 0-0 10. 0-0 Nxc3 11. bxc3 Bd6 12. Qb3 Qc7 13. c4 b6 14. h3 Nd7 15. Bd3 Bxd3 16. Qxd3 Rfe8 17. Rae1 h6 18. Qf5 g6 19. Qd3 Bf8 20. Bc3 Bg7 21. Re4 Rxe4 22. Qxe4 Nf6 23. Qd3 Re8 24. Rd1 Nh5 25. Ne5 c5 26. Nf3 Nf4 27. Qc2 Ne2+ 28. Kf1 Nxc3 29. Qxc3 cxd4 30. Qd3 Qd6 31. Nd2 Qh2 32. Nf3 Qd6 33. Nd2 Qf4 34. g3 Qf6 35. h4 Qc6 36. Qf3 Qa4 37. Qb3 Qd7 38. Qf3 h5 39. Ne4 Qh3+ 40. Kg1 Qe6 41. Nd2 Bh6 42. Nb3 Qxc4 43. Rxd4 Qc2 44. Kg2 Qxa2 45. Rd7 Rf8 46. Nd4 Qc4 47. Nc6 a5 48. Ne7+ Kh7 49. Nd5 Bg7 50. Nxb6 Qe6 51. Qb7 Kg8 52. Re7 Qb3 53. Re3 Qb5 54. Re7 a4 55. Nd5 Qxb7 56. Rxb7 a3 57. Ra7 Bb2 58. Kf3 Rd8 59. Nb4 Rb8 60. Nd3 Rb3 61. Ke2 Bd4 62. Ra4 Bc3 63. Kd1 Bb2 64. Kc2 Rc3+ 65. Kd2 Rb3 66. Kc2 Rb6 67. Kb1 f6 68. Ka2 Kf7 69. Nf4 Rb7 70. Ra6 Rd7 71. Rc6 Be5 72. Rc4 Bxf4 73. Rxf4 Ra7 74. Re4 Ra6 75. Re2 g5 76. Rc2 Kg6 77. Rc7 gxh4 78. gxh4 Kf5 79. Rc4 Ra5 80. Rb4 Re5 81. Kxa3 Re2 82. Rb5+ Kf4 83. Rxh5 Rxf2 84. Kb3 Kg4 85. Rh6 f5 86. Kc3 Rh2 87. Rg6+ Kxh4 88. Kd3 Ra2 89. Ke3 Ra4 90. Kf3 Ra3+ 91. Kf4 Ra5 92. Rh6# 1-0